000 00748nam a22002417a 4500
003 UA-OsUOA
001 121397
007 ta
008 20170320b un ||||| |||| 00| 0 ukr d
100 _aМельник К.
700 _aКолотуха С.
700 _aКоваленко І.
090 _a330(477)
_bМ48
942 _cSA
040 _aUA-OsUOA
_bukr
_cUA-OsUOA
_dUA-OsUOA
245 _aЗниження кредитних ризиків та забезпечення їх стійкості в діяльності банку
300 _aС.32-42
955 _a0
041 _aukr
080 _a330(477)
773 0 _w121395
_tБанківська справа
_dК.
_d2017
_g1
650 7 _a330 Економіка взагалі
_2UDC
999 _c407613
_d407613